The treatment of collective coordinates in many-body systems : An application of the BRST invariance

This book introduction about the classical treament of systems described by means of collective coordinates. The Hilbert spaces associated with collective coỏdinatos, the BRST treatment...

Na minha lista:
Detalhes bibliográficos
Autor principal: Bes, D. R.
Formato: Livro
Idioma:Undetermined
Publicado em: Singapore World Scientific 1990
Assuntos:
Tags: Adicionar Tag
Sem tags, seja o primeiro a adicionar uma tag!
Thư viện lưu trữ: Trung tâm Học liệu Trường Đại học Cần Thơ
LEADER 00922nam a2200229Ia 4500
001 CTU_210188
008 210402s9999 xx 000 0 und d
020 |c 60.38 
082 |a 530.144 
082 |b B554 
100 |a Bes, D. R. 
245 4 |a The treatment of collective coordinates in many-body systems : 
245 3 |b An application of the BRST invariance 
245 0 |c D.R. Bes and J. Kurchan 
260 |a Singapore 
260 |b World Scientific 
260 |c 1990 
520 |a This book introduction about the classical treament of systems described by means of collective coordinates. The Hilbert spaces associated with collective coỏdinatos, the BRST treatment... 
650 |a Invariance principles (Physics),Vấn đề tổng thể,Many-body problem 
650 |x Nguyên lý bất biến (vật lý) 
904 |i Qhieu 
980 |a Trung tâm Học liệu Trường Đại học Cần Thơ